[Event "Online Olym Div4 B"]
[Site "Chess.com INT"]
[Date "2021.08.22"]
[Round "8.5"]
[White "Alothman, Salem"]
[Black "Muwanguzi, David Wabwire"]
[Result "0-1"]
[WhiteElo "1558"]
[BlackElo "2062"]
[PlyCount "76"]
[EventDate "2021.08.20"]
[EventType "team (rapid)"]
[EventRounds "11"]
[EventCountry "USA"]
[SourceTitle "CBM 203 Extra"]
[Source "ChessBase"]
[SourceDate "2021.09.30"]
[SourceVersion "1"]
[SourceVersionDate "2021.09.30"]
[SourceQuality "1"]
[WhiteTeam "Kuwait"]
[BlackTeam "Uganda"]
[WhiteTeamCountry "KUW"]
[BlackTeamCountry "UGA"]

1. e4 c5 2. Nf3 Nc6 3. d4 cxd4 4. Nxd4 g6 5. c4 Bg7 6. Be3 Qb6 7. Nb5 Qa5+ 8. N1c3 a6 9. Nd4 Qb4 10. Rb1 Nf6 11. a3 Qd6 12. Be2 0-0 13. 0-0 Nxd4 14. Bxd4 Ng4 15. Bxg4 Bxd4 16. Nd5 Be5 17. f4 Bg7 18. Kh1 f5 19. exf5 gxf5 20. Be2 b6 21. b4 Bb7 22. Bf3 Rab8 23. Re1 Rf7 24. Bh5 Bxd5 25. cxd5 Rf6 26. Qe2 Bf8 27. Bf3 Qxf4 28. Qxa6 e5 29. dxe6 dxe6 30. Qa7 Bd6 31. Kg1 Qxh2+ 32. Kf1 Bg3 33. Rbc1 Bxe1 34. Rxe1 Rf7 35. Qa4 Qh1+ 36. Kf2 Qh4+ 37. Kf1 Qc4+ 38. Kf2 e5 0-1

[Event "Online Olym Div4 B"]
[Site "Chess.com INT"]
[Date "2021.08.21"]
[Round "4.3"]
[White "Alothman, Salem"]
[Black "Yazan, Abo Khalaf"]
[Result "1/2-1/2"]
[WhiteElo "1558"]
[BlackElo "1663"]
[PlyCount "145"]
[EventDate "2021.08.20"]
[EventType "team (rapid)"]
[EventRounds "11"]
[EventCountry "USA"]
[SourceTitle "CBM 203 Extra"]
[Source "ChessBase"]
[SourceDate "2021.09.30"]
[SourceVersion "1"]
[SourceVersionDate "2021.09.30"]
[SourceQuality "1"]
[WhiteTeam "Kuwait"]
[BlackTeam "Palestine"]
[WhiteTeamCountry "KUW"]
[BlackTeamCountry "PLE"]

1. e4 d5 2. exd5 Nf6 3. d4 Bg4 4. Nf3 Qxd5 5. Be2 e6 6. h3 Bh5 7. 0-0 Nc6 8. Be3 Be7 9. Nbd2 0-0-0 10. c4 Qd7 11. a3 Rhg8 12. b4 h6 13. b5 Nb8 14. Ne5 Bxe2 15. Qxe2 Qe8 16. c5 g5 17. b6 axb6 18. cxb6 c6 19. Nb3 Nd5 20. Nc5 Bxc5 21. dxc5 f6 22. Nc4 f5 23. Nd6+ Rxd6 24. cxd6 g4 25. hxg4 Qg6 26. g3 Nd7 27. Rac1 Ne5 28. f3 fxg4 29. fxg4 Nxg4 30. Bf2 h5 31. Rc4 h4 32. Rxg4 Qxg4 33. Qxg4 Rxg4 34. Kh2 hxg3+ 35. Bxg3 Ra4 36. Rf8+ Kd7 37. Rf7+ Kc8 38. Rf8+ Kd7 39. Rf7+ Kc8 40. d7+ Kd8 41. Kh3 Rxa3 42. Kh2 Ra4 43. Rh7 Nxb6 44. Bh4+ Rxh4+ 45. Rxh4 Kxd7 46. Rh7+ Kc8 47. Rh8+ Kc7 48. Re8 Kd7 49. Rb8 Kc7 50. Re8 Nd5 51. Rxe6 b5 52. Kg1 b4 53. Kf1 Kb6 54. Ke1 Kb5 55. Kd2 c5 56. Kc1 c4 57. Re5 Kc5 58. Re8 b3 59. Rc8+ Kb4 60. Kb2 c3+ 61. Kc1 Ne3 62. Rb8+ Kc4 63. Rc8+ Kd4 64. Rd8+ Nd5 65. Rd7 Kc4 66. Rd8 b2+ 67. Kb1 Nb4 68. Rc8+ Kb3 69. Rc7 Ka3 70. Rxc3+ Ka4 71. Rc4 Kb3 72. Rxb4+ Kxb4 73. Kxb2 1/2-1/2

[Event "Asia zt 3.1 Online"]
[Site "Tornelo INT"]
[Date "2021.06.04"]
[Round "4"]
[White "Mohammed, Ahmed Said Al Amri"]
[Black "Alothman, Salem"]
[Result "1-0"]
[WhiteElo "1772"]
[BlackElo "1558"]
[PlyCount "76"]
[EventDate "2021.06.01"]
[EventType "swiss"]
[EventRounds "9"]
[EventCountry "NET"]
[SourceTitle "CBM 202 Extra"]
[Source "ChessBase"]
[SourceDate "2021.07.31"]
[SourceVersion "1"]
[SourceVersionDate "2021.07.31"]
[SourceQuality "1"]

1. e4 e5 2. Nc3 Nc6 3. f4 exf4 4. Nf3 g5 5. Bc4 g4 6. 0-0 gxf3 7. Qxf3 Qf6 8. d3 Ne5 9. Qd1 Nxc4 10. dxc4 Bc5+ 11. Kh1 Ne7 12. Bxf4 Qc6 13. Nd5 Nxd5 14. exd5 Qg6 15. Qe2+ Kd8 16. Qe5 Rg8 17. Qxc7+ Ke8 18. Rae1+ Be7 19. Re2 Kf8 20. Qe5 Bf6 21. Bh6+ Qxh6 22. Rxf6 Qc1+ 23. Re1 Qg5 24. Qe8+ Kg7 25. Rxf7+ Kh8 26. Qe4 Rg7 27. Rf8+ Rg8 28. Qd4+ Qg7 29. Rxg8+ Kxg8 30. Re8+ Kf7 31. Re7+ Kxe7 32. Qxg7+ Kd6 33. Qd4 b6 34. b4 Bb7 35. c5+ bxc5 36. bxc5+ Kc7 37. Qe5+ Kd8 38. d6 Bc6 1-0

[Event "Asia Nations online Cup"]
[Site "Chess.com INT"]
[Date "2020.10.10"]
[Round "2.13"]
[White "Nidal, Ahmad"]
[Black "Alothman, Salem"]
[Result "1-0"]
[WhiteElo "1673"]
[BlackElo "1558"]
[PlyCount "91"]
[EventDate "2020.10.10"]
[EventType "team-swiss (rapid)"]
[EventRounds "9"]
[EventCountry "IND"]
[SourceTitle "CBM 198 Extra"]
[Source "ChessBase"]
[SourceDate "2020.11.30"]
[SourceVersion "1"]
[SourceVersionDate "2020.11.30"]
[SourceQuality "1"]
[WhiteTeam "Palestine"]
[BlackTeam "Kuwait"]
[WhiteTeamCountry "PLE"]
[BlackTeamCountry "KUW"]

1. Nf3 Nf6 2. g3 d5 3. Bg2 c5 4. 0-0 Nc6 5. d3 e6 6. Nbd2 Be7 7. e4 e5 8. h3 0-0 9. c3 d4 10. Qc2 Be6 11. Ng5 Bd7 12. Ngf3 h6 13. a4 Be6 14. Nh4 Qd7 15. Kh2 Nh7 16. Nf5 Bxf5 17. exf5 Qxf5 18. Ne4 Ng5 19. f4 Nxe4 20. Bxe4 Qd7 21. f5 Rad8 22. Qe2 Na5 23. Qg4 Kh8 24. Qh5 Qd6 25. f6 Bxf6 26. Bxh6 g6 27. Bxf8+ gxh5 28. Bxd6 Rxd6 29. Rf5 h4 30. Raf1 hxg3+ 31. Kxg3 Kg7 32. Rh5 Nc6 33. Rh7+ Kg8 34. Rh5 b6 35. Rhf5 Kg7 36. h4 Ne7 37. R5f3 Ng6 38. Bxg6 fxg6 39. cxd4 exd4 40. b3 Be5+ 41. Kg4 Rf6 42. Re1 Rxf3 43. Kxf3 Bf6 44. Kg4 a5 45. Re6 Bd8 46. Rd6 1-0

[Event "KUW-ch"]
[Site "Kuwait"]
[Date "2020.01.31"]
[Round "5"]
[White "Alrashidi, Yousef"]
[Black "Alothman, Salem"]
[Result "0-1"]
[WhiteElo "1542"]
[BlackElo "1532"]
[PlyCount "111"]
[EventDate "2020.01.26"]
[EventType "swiss"]
[EventRounds "9"]
[EventCountry "KUW"]
[SourceTitle "CBM 195 Extra"]
[Source "ChessBase"]
[SourceDate "2020.05.31"]
[SourceVersion "1"]
[SourceVersionDate "2020.05.31"]
[SourceQuality "1"]

1. Na3 e5 2. c4 Nf6 3. Nc2 d5 4. cxd5 Nxd5 5. e4 Nf6 6. d3 Bc5 7. Be2 0-0 8. Nf3 Nc6 9. Bg5 h6 10. Bh4 Qd6 11. 0-0 Bg4 12. Ne3 Bxf3 13. Bxf3 Nd4 14. Rc1 Nd7 15. Bg4 Ne6 16. Nd5 Rfe8 17. Ne3 Bxe3 18. fxe3 Ndc5 19. Be2 a5 20. Be1 b6 21. Qc2 Rad8 22. Rd1 Re7 23. Bc3 f6 24. d4 exd4 25. exd4 Nb7 26. Qb3 Kh8 27. e5 fxe5 28. dxe5 Qc5+ 29. Kh1 Rxd1 30. Qxd1 Re8 31. Bh5 Rd8 32. Qg4 Qd5 33. Bg6 Nbc5 34. Bb1 Nd3 35. Qf5 c5 36. h3 c4 37. Bc2 Rf8 38. Qxf8+ Nxf8 39. Rxf8+ Kh7 40. b3 Qc5 41. Rd8 g6 42. e6 Nf2+ 43. Kh2 Qc7+ 44. Kg1 Nxh3+ 45. gxh3 Qxd8 46. bxc4 Qg5+ 47. Kf2 Qe7 48. Bb3 Qxe6 49. c5 Qf5+ 50. Ke3 Qxc5+ 51. Bd4 Qc6 52. Kf4 a4 53. Bf7 Qc7+ 54. Be5 Qxf7+ 55. Ke3 Qxa2 56. h4 0-1

[Event "KUW-ch"]
[Site "Kuwait"]
[Date "2019.01.25"]
[Round "7"]
[White "Alsharhan, Musaed"]
[Black "Alothman, Salem"]
[Result "0-1"]
[WhiteElo "1701"]
[BlackElo "1593"]
[PlyCount "132"]
[EventDate "2019.01.17"]
[EventType "tourn"]
[EventRounds "9"]
[EventCountry "KUW"]
[SourceTitle "CBM 188 Extra"]
[Source "ChessBase"]
[SourceDate "2019.02.26"]
[SourceVersion "1"]
[SourceVersionDate "2019.02.26"]
[SourceQuality "1"]

1. e4 e5 2. Bc4 Nc6 3. c3 Bc5 4. Nf3 Nf6 5. 0-0 d6 6. d3 a6 7. Bb3 h6 8. Nbd2 Ne7 9. d4 exd4 10. cxd4 Ba7 11. e5 dxe5 12. dxe5 Nfd5 13. Qe2 Be6 14. Ne4 0-0 15. Rd1 Qc8 16. Nh4 Bg4 17. Nf3 Rd8 18. Nf6+ Nxf6 19. exf6 Rxd1+ 20. Bxd1 Nc6 21. Qe4 Qf5 22. Bc2 Qxe4 23. Bxe4 Re8 24. Bxc6 bxc6 25. Kf1 g5 26. Bd2 Bxf3 27. gxf3 Bd4 28. Rc1 Re6 29. Bc3 Bxf6 30. Bxf6 Rxf6 31. Rc3 Kg7 32. Kg2 Kg6 33. Rb3 c5 34. Rb7 Rc6 35. b3 h5 36. Ra7 h4 37. Kf1 Kf5 38. Kg2 f6 39. h3 Ke5 40. Ra8 Kd4 41. Re8 Kc3 42. Re4 c4 43. bxc4 Rxc4 44. Re6 Rf4 45. Rxa6 c5 46. a4 Kb4 47. Ra8 c4 48. a5 Kb5 49. a6 Kb6 50. Kf1 Rxf3 51. Ke2 Rxh3 52. a7 Ra3 53. Rf8 Rxa7 54. Rxf6+ Kc5 55. Rf5+ Kb4 56. Rxg5 Rh7 57. f4 h3 58. Rg1 h2 59. Rb1+ Ka4 60. Rh1 Kb3 61. f5 c3 62. f6 Kb2 63. f7 Rxf7 64. Rxh2 c2 65. Kd3 Rd7+ 66. Kc4 Kb1 0-1

[Event "KUW-ch"]
[Site "Kuwait"]
[Date "2019.01.21"]
[Round "4"]
[White "Alothman, Salem"]
[Black "Maqseed, Nasser"]
[Result "1/2-1/2"]
[WhiteElo "1593"]
[BlackElo "1847"]
[PlyCount "69"]
[EventDate "2019.01.17"]
[EventType "tourn"]
[EventRounds "9"]
[EventCountry "KUW"]
[SourceTitle "CBM 188 Extra"]
[Source "ChessBase"]
[SourceDate "2019.02.26"]
[SourceVersion "1"]
[SourceVersionDate "2019.02.26"]
[SourceQuality "1"]

1. e4 d5 2. exd5 Qxd5 3. Nc3 Qd8 4. d4 Nf6 5. Nf3 e6 6. Ne5 Be7 7. Be2 Nbd7 8. 0-0 0-0 9. Bf4 Nd5 10. Nxd5 exd5 11. Bd3 Nxe5 12. Bxe5 g6 13. Qf3 c6 14. Rfe1 Be6 15. c3 Qd7 16. h3 f6 17. Bf4 Bd6 18. Re2 Kg7 19. Bxd6 Qxd6 20. h4 h5 21. Rae1 Rae8 22. Qg3 Qxg3 23. fxg3 Bf7 24. Re7 Rxe7 25. Rxe7 Rb8 26. Kf2 Kf8 27. Rc7 a5 28. Kf3 Be8 29. a3 Bf7 30. g4 hxg4+ 31. Kxg4 Kg7 32. Kf4 f5 33. g4 fxg4 34. Kxg4 Kf6 35. Kg3 1/2-1/2

[Event "Olympiad-43"]
[Site "Batumi"]
[Date "2018.09.27"]
[Round "4.81"]
[White "Jotee, Ashvin"]
[Black "Alothman, Salem"]
[Result "1-0"]
[WhiteElo "1751"]
[BlackElo "1690"]
[PlyCount "63"]
[EventDate "2018.09.24"]
[EventType "team-swiss"]
[EventRounds "11"]
[EventCountry "GEO"]
[SourceTitle "CBM 187"]
[Source "ChessBase"]
[SourceDate "2018.12.11"]
[SourceVersion "1"]
[SourceVersionDate "2018.12.11"]
[SourceQuality "1"]
[WhiteTeam "Mauritius"]
[BlackTeam "Kuwait"]
[WhiteTeamCountry "MRI"]
[BlackTeamCountry "KUW"]

1. c4 c5 2. Nf3 Nf6 3. Nc3 e6 4. d4 d5 5. cxd5 exd5 6. Bg5 Be6 7. e3 Nc6 8. Be2 Be7 9. 0-0 cxd4 10. Nxd4 0-0 11. Qa4 Qb6 12. Nxe6 fxe6 13. Qb5 Qxb5 14. Nxb5 Rac8 15. a3 a6 16. Nc3 Na5 17. Rac1 Nb3 18. Rc2 e5 19. Bd1 Rc5 20. Na4 Rxc2 21. Bxc2 Na5 22. Bf5 Kf7 23. Rc1 Nc6 24. h3 g6 25. Bd3 Nd7 26. Bh6 Rc8 27. e4 d4 28. Bc4+ Ke8 29. Be6 Na7 30. Bxd7+ Kxd7 31. Nb6+ Kd8 32. Nxc8 1-0

[Event "Olympiad-43"]
[Site "Batumi"]
[Date "2018.09.24"]
[Round "1.59"]
[White "Cardoso Cardoso, Jose Gabriel"]
[Black "Alothman, Salem"]
[Result "1-0"]
[WhiteElo "2313"]
[BlackElo "1690"]
[PlyCount "63"]
[EventDate "2018.09.24"]
[EventType "team-swiss"]
[EventRounds "11"]
[EventCountry "GEO"]
[SourceTitle "CBM 187"]
[Source "ChessBase"]
[SourceDate "2018.12.11"]
[SourceVersion "1"]
[SourceVersionDate "2018.12.11"]
[SourceQuality "1"]
[WhiteTeam "Colombia"]
[BlackTeam "Kuwait"]
[WhiteTeamCountry "COL"]
[BlackTeamCountry "KUW"]

1. d4 d5 2. c4 e6 3. Nc3 c5 4. cxd5 exd5 5. Nf3 Nc6 6. g3 Nf6 7. Bg2 Be7 8. 0-0 0-0 9. dxc5 Bxc5 10. Bg5 d4 11. Bxf6 Qxf6 12. Nd5 Qd8 13. Nd2 a6 14. Rc1 Ba7 15. Nb3 Re8 16. Nf4 Bg4 17. Re1 Rc8 18. h3 Bf5 19. Nc5 Qb6 20. Qa4 Re5 21. Nxb7 d3 22. e3 d2 23. Nd6 dxe1Q+ 24. Rxe1 Rc7 25. Rc1 Nd8 26. Rxc7 Qxc7 27. Nxf5 h6 28. Nd5 Qc1+ 29. Kh2 Qd2 30. Qd7 Kh7 31. Nf6+ gxf6 32. Qxd2 1-0

[Event "KUW-ch final"]
[Site "Kuwait"]
[Date "2018.01.15"]
[Round "6"]
[White "Al Azmi, Khalaf"]
[Black "Alothman, Salem"]
[Result "1/2-1/2"]
[WhiteElo "1732"]
[BlackElo "1690"]
[PlyCount "105"]
[EventDate "2018.01.09"]
[EventType "tourn"]
[EventRounds "9"]
[EventCountry "KUW"]
[SourceTitle "EXT 2019"]
[Source "ChessBase"]
[SourceDate "2018.10.10"]
[SourceVersion "1"]
[SourceVersionDate "2018.10.10"]
[SourceQuality "1"]

1. e3 e5 2. d4 exd4 3. exd4 Nf6 4. c4 Bb4+ 5. Bd2 Bxd2+ 6. Nxd2 d5 7. Ngf3 0-0 8. Be2 dxc4 9. Nxc4 Bf5 10. 0-0 Nc6 11. a3 Nd5 12. Bd3 Nxd4 13. Nxd4 Bxd3 14. Nc6 Qf6 15. Qxd3 Qxc6 16. Ne5 Qd6 17. Nc4 Qd8 18. Rad1 c6 19. Qb3 Qc7 20. Rfe1 Rfe8 21. Ne3 Nxe3 22. Rxe3 Rad8 23. Qd3 h6 24. Rxe8+ Rxe8 25. g3 Qe5 26. Qd7 Qe7 27. h4 c5 28. Qa4 b6 29. Rd7 Qe1+ 30. Kg2 Qe4+ 31. Qxe4 Rxe4 32. Rxa7 Re2 33. b4 cxb4 34. axb4 Rb2 35. Ra8+ Kh7 36. Ra7 Kg6 37. h5+ Kf6 38. Ra4 Kg5 39. Ra7 Kxh5 40. Rxf7 Kg6 41. Rf4 Rb3 42. Rd4 b5 43. f3 Kf6 44. Re4 Rc3 45. Kf2 Rc4 46. Rxc4 bxc4 47. b5 Ke5 48. Ke3 Kd5 49. b6 Kc6 50. Kd4 c3 51. b7 Kxb7 52. Kxc3 Kc6 53. Kc4 1/2-1/2

[Event "KUW-ch First Stage"]
[Site "Kuwait"]
[Date "2017.12.17"]
[Round "7.4"]
[White "Alothman, Salem"]
[Black "Alrashidi, Yousef"]
[Result "1-0"]
[WhiteElo "1668"]
[BlackElo "1477"]
[PlyCount "59"]
[EventDate "2017.12.09"]
[EventType "swiss"]
[EventRounds "9"]
[EventCountry "KUW"]
[SourceTitle "EXT 2024"]
[Source "ChessBase"]
[SourceDate "2023.10.10"]
[SourceVersion "1"]
[SourceVersionDate "2023.10.10"]
[SourceQuality "1"]

1. e4 Na6 2. d4 c6 3. Nf3 e6 4. Bxa6 Qa5+ 5. Bd2 Qxa6 6. Nc3 d5 7. e5 c5 8. Be3 cxd4 9. Nxd4 Bd7 10. Nce2 Ne7 11. 0-0 Ng6 12. f4 Be7 13. Qd3 Qa5 14. Rfc1 0-0 15. c4 Rac8 16. cxd5 Rxc1+ 17. Rxc1 Qxd5 18. Nc3 Qa5 19. Nb3 Qb4 20. Qxd7 Rd8 21. Qb5 Qxb5 22. Nxb5 Rd3 23. Bd2 h6 24. Nxa7 Nh4 25. Nc8 Bd8 26. Rc3 Rd7 27. Nd6 f6 28. Nc5 Bb6 29. Kf1 Rc7 30. Ncxb7 1-0

[Event "KUW-ch First Stage"]
[Site "Kuwait"]
[Date "2017.12.11"]
[Round "3.8"]
[White "Alenezi, Hamad"]
[Black "Alothman, Salem"]
[Result "0-1"]
[WhiteElo "1324"]
[BlackElo "1668"]
[PlyCount "108"]
[EventDate "2017.12.09"]
[EventType "swiss"]
[EventRounds "9"]
[EventCountry "KUW"]
[SourceTitle "EXT 2024"]
[Source "ChessBase"]
[SourceDate "2023.10.10"]
[SourceVersion "1"]
[SourceVersionDate "2023.10.10"]
[SourceQuality "1"]

1. e4 e5 2. Nf3 Nc6 3. Nc3 Nf6 4. d4 exd4 5. Nxd4 Bb4 6. Nxc6 bxc6 7. Bd3 d5 8. exd5 cxd5 9. 0-0 0-0 10. Bg5 c6 11. Qf3 Be7 12. h3 Rb8 13. Rab1 Be6 14. Ne2 h6 15. Bf4 Bd6 16. Bxd6 Qxd6 17. Qf4 Qb4 18. Qxb4 Rxb4 19. Rfe1 Ne4 20. Bxe4 Rxe4 21. Nc3 Rc4 22. Re2 Rb8 23. Nd1 d4 24. b3 Bf5 25. Rb2 Rc5 26. Rd2 Rd5 27. f3 Re8 28. Kf2 c5 29. Re2 Kf8 30. Rxe8+ Kxe8 31. Ke2 Ke7 32. Nf2 g5 33. Ne4 Ke6 34. Rb1 Re5 35. Kd3 Kd5 36. Re1 h5 37. g4 hxg4 38. hxg4 Bg6 39. a4 a5 40. Re2 Re6 41. Re1 f5 42. gxf5 Bxf5 43. Re2 Bg6 44. Rg2 Re5 45. Rg4 Rf5 46. Ke2 Re5 47. Rxg5 Rxg5 48. Nxg5 Bxc2 49. f4 Bxb3 50. Kd3 c4+ 51. Kd2 Bxa4 52. Nf3 Ke4 53. Ne5 Bb5 54. Ng4 Kf3 0-1

[Event "KUW-ch First Stage"]
[Site "Kuwait"]
[Date "2017.12.09"]
[Round "1.9"]
[White "Karkari, Faisal"]
[Black "Alothman, Salem"]
[Result "0-1"]
[WhiteElo "1266"]
[BlackElo "1668"]
[PlyCount "54"]
[EventDate "2017.12.09"]
[EventType "swiss"]
[EventRounds "9"]
[EventCountry "KUW"]
[SourceTitle "EXT 2024"]
[Source "ChessBase"]
[SourceDate "2023.10.10"]
[SourceVersion "1"]
[SourceVersionDate "2023.10.10"]
[SourceQuality "1"]

1. e4 e5 2. Nf3 Nc6 3. Bc4 Nf6 4. d3 Bc5 5. Nc3 d6 6. Bg5 h6 7. Bxf6 Qxf6 8. Nd5 Qd8 9. c3 a6 10. d4 exd4 11. cxd4 Ba7 12. a4 Bg4 13. Qb3 Na5 14. Qc3 Nxc4 15. Qxc4 c6 16. Ne3 Bxf3 17. gxf3 Qf6 18. Qb3 0-0 19. Nf5 d5 20. Qxb7 Rfb8 21. Ne7+ Kf8 22. Qxc6 Qxe7 23. Qxd5 Rd8 24. Qc6 Bxd4 25. Rd1 Qb4+ 26. Kf1 Qxb2 27. Rxd4 Qxd4 0-1

[Event "Kuwait Amateur Group B"]
[Site "Kuwait"]
[Date "2017.11.10"]
[Round "6.1"]
[White "Alothman, Salem"]
[Black "Miller, J Loucas"]
[Result "1-0"]
[WhiteElo "1612"]
[BlackElo "1600"]
[PlyCount "67"]
[EventDate "2017.11.05"]
[EventType "swiss"]
[EventRounds "9"]
[EventCountry "KUW"]
[SourceTitle "EXT 2024"]
[Source "ChessBase"]
[SourceDate "2023.10.10"]
[SourceVersion "1"]
[SourceVersionDate "2023.10.10"]
[SourceQuality "1"]

1. e4 c5 2. Nf3 g6 3. d4 cxd4 4. Nxd4 Nc6 5. c4 Nf6 6. Nc3 d6 7. Be3 Bg7 8. Be2 Qa5 9. 0-0 0-0 10. f3 Bd7 11. Nb3 Qc7 12. Rc1 Rfc8 13. c5 dxc5 14. Nxc5 b6 15. Nxd7 Qxd7 16. Ba6 Rd8 17. Qxd7 Rxd7 18. Bb5 Rd6 19. Bf4 Ne5 20. Bxe5 Rd2 21. Rf2 Rxf2 22. Kxf2 a6 23. Bxf6 Bxf6 24. Bc6 Rc8 25. Bb7 Rd8 26. Rd1 Rxd1 27. Nxd1 Bd4+ 28. Ke2 a5 29. Kd3 e5 30. b3 Kf8 31. Nc3 Ke7 32. Nd5+ Ke6 33. Nc7+ Kd6 34. Nb5+ 1-0

[Event "Kuwait Amateur Group B"]
[Site "Kuwait"]
[Date "2017.11.05"]
[Round "1.2"]
[White "Bekheet, Suhailah"]
[Black "Alothman, Salem"]
[Result "0-1"]
[WhiteElo "1056"]
[BlackElo "1612"]
[PlyCount "48"]
[EventDate "2017.11.05"]
[EventType "swiss"]
[EventRounds "9"]
[EventCountry "KUW"]
[SourceTitle "EXT 2024"]
[Source "ChessBase"]
[SourceDate "2023.10.10"]
[SourceVersion "1"]
[SourceVersionDate "2023.10.10"]
[SourceQuality "1"]

1. e4 e5 2. Nf3 Nc6 3. Nc3 Nf6 4. Bc4 Nxe4 5. Nxe4 d5 6. Bb5 dxe4 7. Nxe5 Qg5 8. Bxc6+ bxc6 9. 0-0 Qxe5 10. d4 Qd5 11. Be3 Bd6 12. f4 exf3 13. Rxf3 Bg4 14. Qf1 Bxf3 15. gxf3 0-0 16. Qh3 Rfe8 17. Kf2 Qe6 18. Qg2 Qxe3+ 19. Kf1 Qxd4 20. h4 Qxb2 21. Rd1 Bc5 22. h5 Qb5+ 23. c4 Qxc4+ 24. Qe2 Qxe2# 0-1

[Event "KUW-ch 1st Stage"]
[Site "Kuwait"]
[Date "2017.01.21"]
[Round "8"]
[White "Alhassan, Meshari"]
[Black "Alothman, Salem"]
[Result "1/2-1/2"]
[WhiteElo "1458"]
[BlackElo "1694"]
[PlyCount "40"]
[EventDate "2017.01.12"]
[EventType "swiss"]
[EventRounds "9"]
[EventCountry "KUW"]
[SourceTitle "CBM 176 Extra"]
[Source "ChessBase"]
[SourceDate "2017.03.02"]
[SourceVersion "1"]
[SourceVersionDate "2017.03.02"]
[SourceQuality "1"]

1. f4 d5 2. e3 Nf6 3. b3 Bg4 4. Be2 Bxe2 5. Qxe2 e6 6. Bb2 Bd6 7. Nf3 c5 8. 0-0 0-0 9. Nc3 a6 10. Qd1 Nc6 11. Ne2 Re8 12. Ne5 Qc7 13. Nxc6 Qxc6 14. Bxf6 gxf6 15. Ng3 Kf8 16. Nh5 Ke7 17. Qg4 Rf8 18. Qh4 Kd7 19. Nxf6+ Kc7 20. Qh5 Be7 1/2-1/2